Синдромът на сварената жаба (Запис номер 473134)
[ съкратено ]
| 000 -Лидер | |
|---|---|
| Контролно поле с фиксирана дължина | 01835nam a2200409 a 4500 |
| 003 - Код на организацията, давaща контролен номер | |
| Контролно поле | BLK |
| 005 - Дата и час на последна редакция | |
| Контролно поле | 20250329160813.0 |
| 008 - Елементи от данни с фиксирана дължина | |
| fixed length control field | 180411b bul|||||r ||||||| ||bul|| |
| 020 ## - Международен стандартен номер на книга ISBN | |
| Международен стандартен номер на книга ISBN | 9786190110545 |
| 040 ## - Източник на каталожния запис | |
| Идентификатор на билиотеката - собственик на записа | BLK |
| 041 ## - Код за език | |
| Код за езика на текст/звукозапис или на отделно заглавие | Български |
| Код за езика КДБФ | Български |
| 080 ## - УДК | |
| Текстов определител УДК | Цивилизация. Култура. Прогрес. История на културата вж 930.85 |
| УДК код - определител по УДК | 008 |
| УДК - код + определител | 008 |
| 080 ## - УДК | |
| Текстов определител УДК | Морал и общество. Човешки отношения. Уважение. Независимост. Вж и 395 |
| УДК код - определител по УДК | 177 |
| УДК - код + определител | 177 |
| 080 ## - УДК | |
| Текстов определител УДК | Българска литература |
| УДК код - определител по УДК | 821.163.2 |
| УДК - код + определител | 821.163.2-32 |
| УДК определител | -32 |
| 080 ## - УДК | |
| Текстов определител УДК | Социално поведение. Социална психология |
| УДК код - определител по УДК | 316.6 |
| УДК - код + определител | 316.6(0:82-32) |
| УДК определител | (0:82-32) |
| 100 ## - Редна дума - Автор | |
| Автор | Йотовски, Емил Цветанов |
| Дати, свързани с автора | 1970 - |
| Автор - информация (биография) | Писател. Лекар. |
| R(LIN) | 347770 |
| 139 ## - Редно поле | |
| Редна дума | Йотовски, Емил Цветанов |
| Авторски знак | Иот - И 85 |
| 245 10 - Сведения за заглавието | |
| Заглавие | Синдромът на сварената жаба |
| Редно поле (дума) | Емил Йотовски. |
| 257 ## - Страна на издаване | |
| Страна на създаване/издаване | България |
| 260 ## - Област на издателските данни | |
| Място на издаване, разпространение и проч. | София |
| Име на издателя, разпространителя и проч. | Изток-Запад |
| Година на издаване | 2022 |
| 9 (RLIN) | 210881 |
| Печатница | София : Изток-Запад |
| Издателство - префикс ISBN | 978-619-01- ; 978-619-152- ; 978-954-321- ; 954-8945- |
| 300 ## - Физическа характеристика | |
| Страници | 176 с. |
| Размери/Мащаб | 20 см |
| 380 ## - Жанр | |
| Жанр | Общ отдел |
| 650 #0 - Допълнително описание по предмет – тема | |
| 9 (RLIN) | 244134 |
| Основно описание – тема или топоним | Цивилизация - философско-исторически проблеми |
| 650 #0 - Допълнително описание по предмет – тема | |
| 9 (RLIN) | 280586 |
| Основно описание – тема или топоним | Морал и общество |
| 653 #7 - Ключова дума – ненормативна | |
| 9 (RLIN) | 192366 |
| Ключова дума | нов световен ред |
| 653 #7 - Ключова дума – ненормативна | |
| 9 (RLIN) | 186471 |
| Ключова дума | етика |
| 653 #7 - Ключова дума – ненормативна | |
| 9 (RLIN) | 191387 |
| Ключова дума | морал |
| 653 #7 - Ключова дума – ненормативна | |
| 9 (RLIN) | 200412 |
| Ключова дума | ценности |
| 852 ## - Местоположение | |
| Фондова буква | Заемна - подръчен фонд |
| Систематично-азбучна сигнатура | 008/И 85 Е |
| 852 ## - Местоположение | |
| Фондова буква | Хранилище |
| Систематично-азбучна сигнатура | Цб 315335 |
| 856 ## - Електронен адрес и достъп | |
| Инструкция (цена за достъп) | 0.00 |
| Права за достъп | disable |
| 999 ## - СИСТЕМНИ КОНТРОЛНИ НОМЕРА | |
| Koha biblionumber | 473134 |
| Koha biblioitemnumber | 473134 |
| 942 ## - АРТИКУЛИ | |
| Вид на библиотечния материал | Книги |
| Скрит в OPAC | Не |
| Периодичен библиозапис | Да |
| Koha issues (borrowed), all copies | 14 |
| 944 ## - СЪЗДАВАНЕ И РЕДАКЦИЯ на ЗАПИСА | |
| Създаване/Редакция | Създаване |
| Дата на регистрацията/редакция | 2022-09-12 |
| Служител, извършил регистрацията/редакцията | 30540 |
| Статус, дата на статуса | Севдалина Тодорова |
| 944 ## - СЪЗДАВАНЕ И РЕДАКЦИЯ на ЗАПИСА | |
| Създаване/Редакция | Редакция |
| Дата на регистрацията/редакция | 2022-12-15 |
| Служител, извършил регистрацията/редакцията | ир |
| 999 ## - СИСТЕМНИ КОНТРОЛНИ НОМЕРА | |
| Koha biblioitemnumber | 473134 |
| 999 ## - СИСТЕМНИ КОНТРОЛНИ НОМЕРА | |
| Koha biblioitemnumber | 473134 |
| Код за отписване | Код за изгубен артикул | Източник на класификационната схема | Код за повреда | Коз за рестрикции | Код за отдаване | Артикулен № | Име на библиотеката - собственик | Име на библиотеката, в която се намира в момента | Статус (Текущо местоположение) | Дата на вписване в системата | Местоположение - отдел | Цена в лева | Систематично азбучна сигнатура | Баркод | Цена в евро | Служебен тип на артикула |
|---|---|---|---|---|---|---|---|---|---|---|---|---|---|---|---|---|
| Не е изгубен | Universal Decimal Classification | Не е повреден | без рестрикции | заемане за дома | 904299 | Регионална библиотека "Любен Каравелов" Русе | Регионална библиотека "Любен Каравелов" Русе | Заемна - подръчен фонд | 2022-09-14 | Заемна - подръчен фонд | 11.26 | 008/И 85 Е | 120000876761 | 5.76 | Книги | |
| Не е изгубен | Universal Decimal Classification | Не е повреден | само за читалня | ползва се в читалня | 920166 | Регионална библиотека "Любен Каравелов" Русе | Регионална библиотека "Любен Каравелов" Русе | Хранилище | 2022-12-16 | Хранилище | 15.00 | Цб 315335 | 120000880027 | 7.67 | Книги |